Word Ladder: NFL Fan's Lament Quiz Stats

Quiz Updated Oct 13, 2016

Challenge
Share
Tweet
Embed
Score 0/41 Timer 04:00
3 Plays Today
☹ HINT ☹ ☹ WORD ☹ % Correct
'The ____ the merrier.'MORE
95.3%
Hilarious Whoopee Cushion effectFART
87.4%
☹ ____ TO THE FUTURE ☹☹ BACK ☹
87.1%
Block of hayBALE
86.3%
MLB sticksBATS
86.2%
☹ LASSIE ____ HOME ☹☹ COME ☹
86.1%
☹ PIGSKIN ☹☹ BALL ☹
86%
WagersBETS
86%
☹ KICKING APPENDAGE ☹☹ FOOT ☹
85.9%
Mr. JaggerMICK
84.9%
☹ CERTAIN ☹☹ SURE ☹
83.5%
Italy's 'Eternal City'ROME
83.2%
The Alamo, e.g.FORT
83.1%
Referee's decisionCALL
81.5%
____ The KnifeMACK
80.4%
Your MajestySIRE
80%
The Green ____MILE
79.7%
Nat King's slaw?COLE
79.4%
Mr. Sagan or JungCARL
78.2%
Mucky bogMIRE
78%
Sulk or poutMOPE
76.9%
☹ HINT ☹ ☹ WORD ☹ % Correct
It might be maltedMILK
76.4%
Shopper's wainCART
76.3%
Prison featureBARS
75.7%
☹ ____ FLOATS ☹☹ HOPE ☹
74.6%
Embedded spyMOLE
74.5%
Like Lady GodivaBARE
71.8%
☹ GRIDIRON ZEBRAS ☹☹ REFS ☹
66.9%
Pillage's partner in crime?LOOT
66.3%
IPA flavoringHOPS
65.6%
UK waterclosetsLOOS
64.5%
Cuts off a branchLOPS
62.1%
Soaks flaxRETS
59.4%
Beer styleBOCK
58.8%
TomeBOOK
56.7%
Frozen fogRIME
34.9%
Teeming withRIFE
32.4%
Granted wishBOON
31%
SchismRIFT
30.7%
Took by forceREFT
28.9%
☹ ANON ☹☹ SOON ☹
28.9%

Today's Daily Dose

Missing Word
1974 Movies A-Z

Word Ladder
The White Album

Quick Pick
Gods of War

On This Day
February 22nd II

You're not logged in!

Compare scores with friends on all Sporcle quizzes.
Sign Up with Email
OR
Log In

You Might Also Like...

Show Comments

Extras

Top Quizzes Today


Score Distribution

Your Account Isn't Verified!

In order to create a playlist on Sporcle, you need to verify the email address you used during registration. Go to your Sporcle Settings to finish the process.